00855nam a2200241 a 4500008004100000020002200041100001800063245012300081260004000204300002300244440004500267500005800312504004100370650003700411650002400448650004300472650003000515700002000545700002100565003000100586005001700587040000900604  a3110136716 (pbk.)1 aBlunt, Peter.10aManaging organisations in Africa :breadings, cases and exercises /cPeter Blunt, Merrick L. Jones and David Richards. aBerlin :bWalter de Gruyter,c1993. axii, 219 ;c23 cm. 0aDe Gruyter studies in organization ;v49 aCompanion volume to Managing organisations in Africa. aIncludes bibliographical references. 0aOrganizational behaviorzAfrica. 0aManagementzAfrica. 0aOrganizational behaviorxCase studies. 0aManagementxCase studies.1 aMerrick, Jones.1 aRichards, David.20230123133334.0 cNUST